| Tag |
First Indicator |
Second Indicator |
Subfields |
| LEADER |
00000cam a22000008a 4500 |
| 001 |
in00000007776 |
| 005 |
20151002070023.0 |
| 008 |
860211s1987 nyua b 00110 eng |
| 010 |
|
|
|a 86003224
|
| 020 |
|
|
|a 0394550773 :
|c $65.00
|
| 035 |
|
|
|a (OCoLC)13217849
|
| 035 |
|
|
|9 AAA0106AM
|
| 040 |
|
|
|a DLC
|c DLC
|d m/c
|d TXA
|d UtOrBLW
|
| 050 |
0 |
0 |
|a HD69.P75
|b D45 1986
|
| 050 |
|
4 |
|a HD69.P75
|b D45 1987
|
| 082 |
0 |
|
|a 658.4/04
|2 19
|
| 100 |
1 |
|
|a Dekom, Anton K.
|
| 245 |
1 |
0 |
|a Practical project management /
|c Anton K. Dekom.
|
| 250 |
|
|
|a 1st ed.
|
| 263 |
|
|
|a 8605
|
| 264 |
|
1 |
|a New York :
|b Random House Business Division,
|c [1987]
|
| 264 |
|
4 |
|c ©1987
|
| 300 |
|
|
|a xvi, 427 pages :
|b illustrations
|
| 336 |
|
|
|a text
|b txt
|2 rdacontent
|
| 337 |
|
|
|a unmediated
|b n
|2 rdamedia
|
| 338 |
|
|
|a volume
|b nc
|2 rdacarrier
|
| 504 |
|
|
|a Bibliography: pages 417-418.
|
| 500 |
|
|
|a Includes index.
|
| 650 |
|
0 |
|a Project management.
|
| 999 |
|
|
|a MARS
|
| 999 |
f |
f |
|s 1cf627fc-7b1c-3620-abdf-f612fa6fa270
|i 2376035b-3fe3-3336-a870-87209c30c315
|t 0
|
| 952 |
f |
f |
|p ric
|a Texas A&M University
|b Rellis Campus
|c Joint Library Facility
|d Remote Storage
|t 0
|e HD69.P75 D45 1987
|h Library of Congress classification
|i unmediated -- volume
|m A14812603015
|
| 998 |
f |
f |
|a HD69.P75 D45 1987
|t 0
|l Remote Storage
|